000
00306nam a22001457a 4500
008
210225b ||||| |||| 00| 0 eng d
020
_a
9780888846686
041
_a
eng
080
_a
7
082
_a
7
100
_a
45
101
_a
ART
245
_a
Renoirs Portraits
_c
Bailey, C. B
942
_2
udc
_c
BK
999
_c
55210
_d
55210